canciones de una verano sin ti (Bad Bunny) - Estadísticas

Estadísticas generales
  • Esta prueba ha sido intentada 470 veces
  • La puntuación promedio es 12 de 23
Estadísticas de respuestas
Hint Respuesta % Correcto
un verano sin ti
77%
moscow mule
76%
ft Bomba estéreo ojitos lindos
75%
ft. Buscabulla andrea
67%
ft. Tainy callaita
64%
ft. Rauw Alejandro party
62%
ft. chencho corleone me porto bonito
61%
neverita
61%
ft. Jhayco tarot
61%
tití me preguntó
61%
ft. Tony dize la corriente
51%
un coco
50%
ft. the Marías otro atardecer
44%
efecto
43%
después de la playa
42%
agosto
40%
dos mil 16
37%
el apagón
34%
enséñame a bailar
34%
aguacero
32%
me fui de vacaciones
29%
yo no soy celoso
29%
un ratito
28%
No se encontraron pruebas coincidentes
Distribución de puntuación
Porcentaje de gente con cada puntuación
Porcentaje por número respondido
Historial de tus puntuaciones
No has intentado esta prueba.